| 000 | 01025cab a2200289 4500 | ||
|---|---|---|---|
| 001 | ABS54519 | ||
| 008 | 090401t1996 xxu||||| |||| 00| 0 eng d | ||
| 035 | _a(Sirsi) u10936 | ||
| 041 | _aeng | ||
| 100 | _aPieroni, C. | ||
| 245 | _aRetailing on the move | ||
| 260 | _c1996 | ||
| 350 | _a0 | ||
| 490 |
_aProperty Review _v6(1) February 1996, 6-9(4) |
||
| 520 | _aConsiders the future of retailing, arguing that with the development of out-of-town shopping centres and on-line shopping services, retail and transport sectors are becoming increasingly dependent on and in competition with one another. | ||
| 650 | _aFUTURE | ||
| 650 | _aINTERNET | ||
| 650 | _aOUT-OF-TOWN DEVELOPMENT | ||
| 650 | _aPROPERTY-COMMERCIAL PROPERTY-RETAIL PROPERTY-RETAIL PROPERTY MARKET | ||
| 650 | _aRETAILING | ||
| 650 | _aTELESHOPPING | ||
| 650 | _aTRANSPORT | ||
| 690 | _aPROPERTY-COMMERCIAL PROPERTY-RETAIL PROPERTY | ||
| 690 | _aMANAGEMENT-BUSINESS MANAGEMENT-INFORMATION MANAGEMENT | ||
| 942 | _n0 | ||
| 948 | _c04/03/1997 | ||
| 999 |
_c6966 _d6966 |
||